000 00793nam a22002537a 4500
001 77664
003 BD-RjUL
005 20211209083016.0
008 201222r19541913enk||||| |||| 00| 0 eng d
035 _a(BD-RjUL)77890
040 _aBD-RjUL
_beng
_cBD-RjUL
041 _aeng
082 _223
_a822.33
_bSHS 1954
100 _aShakespeare, William
_9242795
245 1 0 _aShakespeare King Henry V /
_cWilliam Shakespeare; A. J. F. Collins
246 _aHenry V
260 _aLondon :
_bUniversity Tutorial Press Ltd.,
_c[1913,1954]
300 _axliv, 196 pages ;
_c18 cm.
600 _aHenry V, King of England,
_d1387-1422
_9242798
600 _aShakespeare, William,
_d1564-1616
_9242799
650 _aEnglish drama
_9242800
700 _aCollins, A. J. F.
_9242801
942 _2ddc
_cBK
999 _c77664
_d77664